• 首页
  • 本馆介绍
  • 公告通知
  • 最新文献
  • 馆藏检索
  • 电子资源
  • 读者导购
  • 参考咨询
  • 我的图书馆
  • 登录
  • 详细信息显示
  • 放入我的书架
  • 预约/预借图书
  • 作者相关作品
  • 分类相关作品
  • 丛书相关作品
  • 出版社相关作品

书目信息

  • 表格格式
  • 工作单格式
  • 卡片格式
书名: Critical condition
作者: edited by Eric Chivian ... [et al.]
分册号:
分册名:
出版地: Cambridge, Mass. :
 
出版社: MIT Press
出版时间: c1993.
页数: xi, 244 p. :
开本: 24 cm.
丛书名:
中图分类号:
科图分类号:
其他分类号: R12
主题词:
电子资源:
000 01041nam 2200289 a 4500
001 E0733575234
005 20070424092220.03
008 001 0 eng
008 uu
010    @a93017760
020    @a0-262-53118-6.
040    @aDNLM/DLC @cDLC @dDLC
049    @aN5LA
050 00 @aRA565 @b.C75 1993
060 00 @aWA 30 C934 1993
082 00 @a616.9/8 @220
090    @aR12
099    @dR12@ex20
245 00 @aCritical condition :@bhuman health and the environment / @cedited by Eric Chivian ... [et al.]
260    @aCambridge, Mass. :@bMIT Press,@cc1993.
300    @axi, 244 p. :@bill. ;@c24 cm.
504    @aIncludes bibliographical references and index.
650  0 @aEnvironmental degradation @xHealth aspects.
650  0 @aEnvironmental health.
650  0 @aPollution @xHealth aspects.
700 1  @aChivian, Eric. @b00 @c20020930 @lNLC09 @h2252 @b00 @c20021020 @lNLC09 @h2111 @b00 @c20021021 @lNLC09 @h0758 @lNLC09 @h0003 @lNLC09 @h1956 @b40 @c20051010 @lNLC09 @h1504
852 9  @bWWJC @cJ09 @k2-95 @hR12 @iC93
    
    Critical condition : : human health and the environment / / edited by Eric Chivian ... [et al.].-Cambridge, Mass. : : MIT Press, , c1993.
    xi, 244 p. : : ill. ; ; 24 cm.
    Includes bibliographical references and index.
    
    ISBN 0-262-53118-6.
    
●
相关链接 在E读中查询图书 在五车中查询图书 在当当中查询图书 在豆瓣中查询图书


正题名:Critical condition     索取号:R12/x20         预约/预借

序号 登录号 条形码 馆藏地/架位号 状态 备注
1 4971   300049711   第二样本阅览室/ [索取号:R12/x20] 在馆    
2 4972   300049720   第四借阅区/ [索取号:R12/x20] 在馆    
3 4973   300049739   第四借阅区/ [索取号:R12/x20] 在馆    
4 4974   300049748   第四借阅区/ [索取号:R12/x20] 在馆    
唐山师范学院图书馆 欢迎您!
大连网信软件有限公司© 版权所有